Kabir bijak / (Record no. 41924)

MARC details
000 -LEADER
fixed length control field 00646nam a22001937a 4500
005 - DATE AND TIME OF LATEST TRANSACTION
control field 20100814144133.0
010 ## - LCCN (DPL NO)
LC control number ENG-100262
020 ## - INTERNATIONAL STANDARD BOOK NUMBER
Terms of availability 90.00
035 ## - SYSTEM CONTROL NUMBER
System control number EN-83794
037 ## - SOURCE OF ACQUISITION
Source of stock number/acquisition DBAD/PUB
082 ## - DEWEY DECIMAL CLASSIFICATION NUMBER
Classification number 821.08
245 ## - TITLE STATEMENT
Title Kabir bijak /
Statement of responsibility, etc translated by Prem Prakash
260 ## - PUBLICATION, DISTRIBUTION, ETC. (IMPRINT)
Place of publication, distribution, etc Allahabad
Name of publisher, distributor, etc Prakh Prakashak Kabir Sansthan
Date of publication, distribution, etc 1997
270 ## - ADDRESS
Address Pritam Nagar
City Allahabad
Postal code 211001
300 ## - PHYSICAL DESCRIPTION
Extent 274p.
Dimensions 22cm (Hb)
700 ## - ADDED ENTRY--PERSONAL NAME
Personal name Prem Prakash
9 (RLIN) 13443
942 ## - ADDED ENTRY ELEMENTS (KOHA)
Source of classification or shelving scheme Dewey Decimal Classification
Item type English Books
Classification part 821.08
Call number suffix KAB
Holdings
Withdrawn status Lost status Not for loan Collection code Home library Current library Date acquired Source of acquisition Cost, normal purchase price Full call number Barcode Copy number Cost, replacement price Koha item type
    Not For Loan Non-fiction D.B.Act.Division D.B.Act.Division 14/08/2010 DBAD/PUB 90.00 821.08 KAB EN-83794 1 90.00 English Books

© Delhi Public Library
Hit Counter
free hit counter